Manual de ejercicios sobre el aprendizaje activo: el arreglo del salón en áreas de trabajo y la rutina diaria
Salvato in:
| Autore principale: | |
|---|---|
| Natura: | Libro |
| Lingua: | spagnolo |
| Pubblicazione: |
Ciudad de México
Trillas
1996
|
| Soggetti: | |
| Tags: |
Aggiungi Tag
Nessun Tag, puoi essere il primo ad aggiungerne!!
|
MARC
| LEADER | 00000nam a2200000 a 4500 | ||
|---|---|---|---|
| 001 | UCN1877 | ||
| 003 | CL-VaPUC | ||
| 008 | 010504e19960000MX |||||||||||||||||spa|d | ||
| 082 | 0 | 4 | |a 372.21 |b HOH |2 21 |
| 100 | |a Hohmann, Mary |e author |9 599039 | ||
| 245 | 1 | 0 | |a Manual de ejercicios sobre el aprendizaje activo: el arreglo del salón en áreas de trabajo y la rutina diaria |
| 300 | |a 59 p | ||
| 942 | |c BK | ||
| 945 | |d 20010504 00:00:00 |a cmena | ||
| 260 | |a Ciudad de México |b Trillas |c 1996 | ||
| 650 | 0 | |a Educación preescolar |9 260381 | |
| 650 | 0 | |a Métodos de enseñanza |9 270413 | |
| 650 | 0 | |a Métodos de aprendizaje |9 334464 | |
| 650 | 0 | |a Aprendizaje activo |9 355029 | |
| 583 | |a last modification |c 20010504 00:00:00 |k Rodrigo Vera | ||
| 999 | |c 295102 |d 295100 | ||
| 952 | |0 0 |1 0 |4 0 |6 372_210000000000000_HOH_1996 |7 0 |8 A |9 348033 |a BIBEDU |b BIBEDU |d 2019-11-20 |i 3717801 |o 372.21 HOH 1996 |p 3717801 |r 2019-11-20 |w 2019-11-20 |y BK |k EPE | ||